Представление документа в формате MARC21

Поле Инд. ПП Название Значение
Тип записи a
Библиографический уровень b
001 Контрольный номер DU/597933707
005 Дата корректировки 20220420085631.6
008 Кодируемые данные 20140701
040 b Код языка каталог. rus
e Правила каталог. PSBO
041 0_ a Код языка текста rus
084 a Индекс другой классификации/Индекс ББК 65.264(2Рос)-24
100 1_ a Автор Чиркова Е. В.
q Полное имя Чиркова Елена Владимировна
100 1_ a Автор Петров В. В.
q Полное имя Петров Владислав Владимирович
245 10 a Заглавие Диагностирование инсайдерской торговли акциями и депозитарными расписками российских компаний
500 a Примечание Приложение
504 a Библиография Лит. в конце статьи.
650 14 a Основная рубрика рынок ценных бумаг
a Основная рубрика финансы
a Основная рубрика экономика
a Основная рубрика экономический анализ
653 1_ a Ключевые слова акции
a Ключевые слова делистинг ценных бумаг
a Ключевые слова депозитарные расписки
a Ключевые слова законодательное регулирование
a Ключевые слова избыточная доходность
a Ключевые слова избыточный объем торгов
a Ключевые слова инсайдерская информация
a Ключевые слова инсайдерская торговля
a Ключевые слова кросс-листинг
a Ключевые слова метод анализа событий
a Ключевые слова метод избыточного объема
a Ключевые слова методы эмпирического исследования
a Ключевые слова Россия
a Ключевые слова сделки слияний и поглощений
a Ключевые слова совокупная доходность
a Ключевые слова специальные дивиденды
a Ключевые слова США
a Ключевые слова торговля акциями
a Ключевые слова торговля ценными бумагами
a Ключевые слова финансы предприятия
a Ключевые слова фондовый рынок
a Ключевые слова ценные бумаги
a Ключевые слова экономика предприятия
773 08 t Заглавие источника Экономический журнал ВШЭ
d Дата издания источника 2017
g Прочая информация Т. 21, № 3. - С. 482 - 514 : расчет., граф., табл., диагр.
w Контрольный № источника DU/564500028
901 t Тип документа b